Cấp thoát nước

Trình bày những kiến thức về cấp thoát nước gồm: Nhu cầu dùng nước và nguồn nước, công trình thu nước, thiết bị và công trình phổ biến trong hệ thống cấp nước, hệ thống cấp nước cho khu vực, hệ thống thoát nước, xử lý nướ...

Full beskrivning

Sparad:
Bibliografiska uppgifter
Huvudupphovsman: Nguyễn Thống
Materialtyp: Bok
Språk:Vietnamese
Publicerad: Tp. Hồ Chí Minh Nxb. Đại học Quốc gia Tp. Hồ Chí Minh 2016
Ämnen:
Taggar: Lägg till en tagg
Inga taggar, Lägg till första taggen!
Thư viện lưu trữ: Thư viện Trường Đại học Nam Cần Thơ
LEADER 01725aam a22002418a 4500
001 NCT_18400
008 160713s2016 ||||||viesd
999 |c 872  |d 872 
020 |a 9786047340132  |c 78000 
082 0 4 |2 23rd ed.  |a 628.14  |b Th455 
100 1 |a Nguyễn Thống 
245 1 0 |a Cấp thoát nước  |c Nguyễn Thống 
260 |a Tp. Hồ Chí Minh  |b Nxb. Đại học Quốc gia Tp. Hồ Chí Minh  |c 2016 
300 |a 362tr.  |b hình vẽ, bảng  |c 24cm 
500 |a ĐTTS ghi: Trường đại học Mở Tp. Hồ Chí Minh. Khoa Xây dựng - Kiến trúc 
520 3 |a Trình bày những kiến thức về cấp thoát nước gồm: Nhu cầu dùng nước và nguồn nước, công trình thu nước, thiết bị và công trình phổ biến trong hệ thống cấp nước, hệ thống cấp nước cho khu vực, hệ thống thoát nước, xử lý nước... với những bài tập có kèm lời giải 
653 |a Quản lý tài nguyên & Môi trường 
655 |a Kỹ thuật môi trường 
942 |2 ddc  |c BK 
952 |0 0  |1 0  |2 ddc  |4 0  |6 628_140000000000000_TH455  |7 0  |9 5596  |a 000001  |b 000001  |d 2017-12-08  |o 628.14 Th455  |p MD.04351  |r 2017-12-08  |v 78000.00  |w 2017-12-08  |y BK 
952 |0 0  |1 0  |2 ddc  |4 0  |6 628_140000000000000_TH455  |7 0  |9 5597  |a 000001  |b 000001  |d 2017-12-08  |l 1  |o 628.14 Th455  |p MD.04352  |r 2019-03-13  |s 2019-03-01  |v 78000.00  |w 2017-12-08  |y BK 
952 |0 0  |1 0  |2 ddc  |4 0  |6 628_140000000000000_TH455  |7 0  |9 5598  |a 000001  |b 000001  |d 2017-12-08  |o 628.14 Th455  |p MD.04353  |r 2017-12-08  |v 78000.00  |w 2017-12-08  |y BK 
980 |a Thư viện Trường Đại học Nam Cần Thơ